000 00563nam a2200205Ii 4500
003 JO-AjNU
008 230606s9999||||xx |||||||||||||| ||und||
020 _a0-19-437-240-5
040 _aJO-AjNU
_beng
_erda
_cJO-AjNU
041 _aeng
050 1 4 _aPR35.W5 2003
100 3 _aVerdonk,Peter تأليف,
_eauthor
_91547
245 0 0 _aStylistics
264 3 1 _aNew York:Oxford University Press,2002
300 _a124p
336 _atext
_btxt
_2rdacontent
337 _aunmediated
_bn
_2rdamedia
338 _avolume
_bnc
_2rdacarrier
650 4 _aStylistics
_91548
999 _aE813
_c813
_d813